Music Quiz

Random Music Quiz

Opening Lyrics- The Kinks- 1 Quiz Stats

 Plays Quiz not verified by Sporcle

Challenge
Share
Tweet
Embed
Score 0/20 Timer 05:00
0 Plays Today
Opening Lyrics Song Title % Correct
'The tax man's taken all my dough, and left me in my stately home'Sunny Afternoon
91%
'Dirty old river, must you keep rolling'Waterloo Sunset
89.9%
'I think I'm sophisticated cos I'm living my life like a good homosapien'Apeman
80.9%
'I'm not content to be with you in the daytime'All Day and All of the Night
80.9%
'They put a parking lot on a piece of land, where the supermarket used to stand'Come Dancing
68.3%
'There's a crack up in the ceiling, and the kitchen sink is leaking'Dead End Street
64.8%
'My makeup is dry and it clags on my chin'Death of a Clown
61.8%
'Picture yourself when you're getting old'Picture Book
59.3%
'Now that you've found your paradise, this is your kingdom to command'Shangri-La
53.3%
'Met a girl called Lola and I took her back to my place'Destroyer
46.7%
Opening Lyrics Song Title % Correct
'This world is big and wild and half insane'Animal Farm
41.7%
'Standing in the middle of nowhere, wondering how to begin'Do it Again
41.2%
'Sybilla looked into her mirror, Priscilla looked into her washing machine'Two Sisters
41.2%
'Out in the country, far from all the soot and noise of the city'Village Green
38.7%
'Tea time won't be the same without my Donna'Afternoon Tea
34.2%
'In a dark and misty house, where no Christian man has been'Wicked Annabella
32.2%
'You don't have to look at me, you don't have to smile at me'Love Me Till the Sun Shines
28.6%
'Don't know why I'm even bothering'Predictable
10.6%
'I wish that you could see, all of the things that I have seen'This Man He Weeps Tonight
6%
'Living in a world where the flesh is cheap'How Do I Get Close
6%

You're not logged in!

Compare scores with friends on all Sporcle quizzes.
OR
Log In

You Might Also Like...

Show Comments

Extras

Created Aug 9, 2010ReportNominate
Tags:Kinks Songs

Top Quizzes Today


Score Distribution

Your Account Isn't Verified!

In order to create a playlist on Sporcle, you need to verify the email address you used during registration. Go to your Sporcle Settings to finish the process.

Report this User

Report this user for behavior that violates our Community Guidelines.

Details: